<?xml version="1.0" encoding="UTF-8"?>
<record
    xmlns:xsi="http://www.w3.org/2001/XMLSchema-instance"
    xsi:schemaLocation="http://www.loc.gov/MARC21/slim http://www.loc.gov/standards/marcxml/schema/MARC21slim.xsd"
    xmlns="http://www.loc.gov/MARC21/slim">

  <leader>01969nam a2200361Ia 4500</leader>
  <datafield tag="952" ind1=" " ind2=" ">
    <subfield code="0">0</subfield>
    <subfield code="1">0</subfield>
    <subfield code="4">0</subfield>
    <subfield code="7">0</subfield>
    <subfield code="a">01</subfield>
    <subfield code="b">01</subfield>
    <subfield code="d">2007-05-29</subfield>
    <subfield code="l">2</subfield>
    <subfield code="o">512 A394A</subfield>
    <subfield code="p">01 010971</subfield>
    <subfield code="r">2025-02-26</subfield>
    <subfield code="s">2022-09-27</subfield>
    <subfield code="t">1</subfield>
    <subfield code="w">2012-06-24</subfield>
    <subfield code="y">LB</subfield>
  </datafield>
  <datafield tag="952" ind1=" " ind2=" ">
    <subfield code="0">0</subfield>
    <subfield code="1">0</subfield>
    <subfield code="2">lcc</subfield>
    <subfield code="4">0</subfield>
    <subfield code="7">0</subfield>
    <subfield code="a">04</subfield>
    <subfield code="b">04</subfield>
    <subfield code="d">2012-05-08</subfield>
    <subfield code="l">1</subfield>
    <subfield code="o">QA154.2 A418 2001</subfield>
    <subfield code="p">05 001197</subfield>
    <subfield code="r">2023-05-12</subfield>
    <subfield code="s">2017-01-19</subfield>
    <subfield code="t">1</subfield>
    <subfield code="w">2012-06-24</subfield>
    <subfield code="y">LB</subfield>
  </datafield>
  <datafield tag="952" ind1=" " ind2=" ">
    <subfield code="0">0</subfield>
    <subfield code="1">0</subfield>
    <subfield code="2">lcc</subfield>
    <subfield code="4">0</subfield>
    <subfield code="7">0</subfield>
    <subfield code="a">04</subfield>
    <subfield code="b">04</subfield>
    <subfield code="d">2012-05-08</subfield>
    <subfield code="l">1</subfield>
    <subfield code="o">QA154.2 A418 2001</subfield>
    <subfield code="p">05 001198</subfield>
    <subfield code="r">2023-05-12</subfield>
    <subfield code="s">2017-01-19</subfield>
    <subfield code="t">2</subfield>
    <subfield code="w">2012-06-24</subfield>
    <subfield code="y">LB</subfield>
  </datafield>
  <datafield tag="952" ind1=" " ind2=" ">
    <subfield code="0">0</subfield>
    <subfield code="1">0</subfield>
    <subfield code="2">lcc</subfield>
    <subfield code="4">0</subfield>
    <subfield code="7">0</subfield>
    <subfield code="a">04</subfield>
    <subfield code="b">04</subfield>
    <subfield code="d">2012-05-08</subfield>
    <subfield code="l">2</subfield>
    <subfield code="o">QA154.2 A418 2001</subfield>
    <subfield code="p">05 001199</subfield>
    <subfield code="r">2023-05-12</subfield>
    <subfield code="s">2017-01-19</subfield>
    <subfield code="t">3</subfield>
    <subfield code="w">2012-06-24</subfield>
    <subfield code="y">LB</subfield>
  </datafield>
  <datafield tag="952" ind1=" " ind2=" ">
    <subfield code="0">0</subfield>
    <subfield code="1">0</subfield>
    <subfield code="4">0</subfield>
    <subfield code="7">0</subfield>
    <subfield code="a">03</subfield>
    <subfield code="b">03</subfield>
    <subfield code="d">2001-05-15</subfield>
    <subfield code="l">10</subfield>
    <subfield code="o">QA152.2 S65 2001</subfield>
    <subfield code="p">03 006252</subfield>
    <subfield code="r">2017-11-28</subfield>
    <subfield code="s">2017-11-28</subfield>
    <subfield code="t">1</subfield>
    <subfield code="w">2012-07-20</subfield>
    <subfield code="y">LB</subfield>
  </datafield>
  <datafield tag="952" ind1=" " ind2=" ">
    <subfield code="0">0</subfield>
    <subfield code="1">0</subfield>
    <subfield code="2">lcc</subfield>
    <subfield code="4">0</subfield>
    <subfield code="7">0</subfield>
    <subfield code="a">21</subfield>
    <subfield code="b">21</subfield>
    <subfield code="d">2012-05-21</subfield>
    <subfield code="l">7</subfield>
    <subfield code="m">1</subfield>
    <subfield code="o">QA152.2 A5418</subfield>
    <subfield code="p">21 000951</subfield>
    <subfield code="r">2020-02-10</subfield>
    <subfield code="s">2020-02-10</subfield>
    <subfield code="t">1</subfield>
    <subfield code="w">2012-07-20</subfield>
    <subfield code="y">LB</subfield>
  </datafield>
  <datafield tag="952" ind1=" " ind2=" ">
    <subfield code="0">0</subfield>
    <subfield code="1">0</subfield>
    <subfield code="2">lcc</subfield>
    <subfield code="4">0</subfield>
    <subfield code="7">0</subfield>
    <subfield code="a">21</subfield>
    <subfield code="b">21</subfield>
    <subfield code="d">2012-05-21</subfield>
    <subfield code="l">5</subfield>
    <subfield code="o">QA152.2 A5418</subfield>
    <subfield code="p">21 000952</subfield>
    <subfield code="r">2019-11-28</subfield>
    <subfield code="s">2019-11-28</subfield>
    <subfield code="t">2</subfield>
    <subfield code="w">2012-07-20</subfield>
    <subfield code="y">LB</subfield>
  </datafield>
  <datafield tag="952" ind1=" " ind2=" ">
    <subfield code="0">0</subfield>
    <subfield code="1">0</subfield>
    <subfield code="2">lcc</subfield>
    <subfield code="4">0</subfield>
    <subfield code="7">0</subfield>
    <subfield code="a">21</subfield>
    <subfield code="b">21</subfield>
    <subfield code="d">2012-05-21</subfield>
    <subfield code="l">5</subfield>
    <subfield code="o">QA152.2 A5418</subfield>
    <subfield code="p">21 000953</subfield>
    <subfield code="r">2023-03-13</subfield>
    <subfield code="s">2023-03-10</subfield>
    <subfield code="t">3</subfield>
    <subfield code="w">2012-07-20</subfield>
    <subfield code="y">LB</subfield>
  </datafield>
  <datafield tag="952" ind1=" " ind2=" ">
    <subfield code="0">0</subfield>
    <subfield code="1">0</subfield>
    <subfield code="2">lcc</subfield>
    <subfield code="4">0</subfield>
    <subfield code="7">0</subfield>
    <subfield code="a">21</subfield>
    <subfield code="b">21</subfield>
    <subfield code="d">2012-05-21</subfield>
    <subfield code="l">11</subfield>
    <subfield code="o">QA152.2 A5418</subfield>
    <subfield code="p">21 000954</subfield>
    <subfield code="r">2023-03-22</subfield>
    <subfield code="s">2023-03-14</subfield>
    <subfield code="t">4</subfield>
    <subfield code="w">2012-07-20</subfield>
    <subfield code="y">LB</subfield>
  </datafield>
  <datafield tag="952" ind1=" " ind2=" ">
    <subfield code="0">0</subfield>
    <subfield code="1">0</subfield>
    <subfield code="4">0</subfield>
    <subfield code="7">0</subfield>
    <subfield code="a">13</subfield>
    <subfield code="b">13</subfield>
    <subfield code="d">2010-07-14</subfield>
    <subfield code="l">1</subfield>
    <subfield code="o">QA154.2 A418 2001</subfield>
    <subfield code="p">13 000620</subfield>
    <subfield code="r">2012-11-27</subfield>
    <subfield code="s">2012-11-27</subfield>
    <subfield code="t">1</subfield>
    <subfield code="w">2012-09-05</subfield>
    <subfield code="y">LB</subfield>
  </datafield>
  <datafield tag="952" ind1=" " ind2=" ">
    <subfield code="0">0</subfield>
    <subfield code="1">0</subfield>
    <subfield code="2">lcc</subfield>
    <subfield code="4">0</subfield>
    <subfield code="7">0</subfield>
    <subfield code="a">03</subfield>
    <subfield code="b">03</subfield>
    <subfield code="d">2013-07-10</subfield>
    <subfield code="l">5</subfield>
    <subfield code="o">QA152.2 S65 2001</subfield>
    <subfield code="p">03 000058</subfield>
    <subfield code="r">2017-03-22</subfield>
    <subfield code="s">2017-03-22</subfield>
    <subfield code="t">2</subfield>
    <subfield code="w">2013-07-10</subfield>
    <subfield code="y">LB</subfield>
  </datafield>
  <datafield tag="952" ind1=" " ind2=" ">
    <subfield code="0">0</subfield>
    <subfield code="1">0</subfield>
    <subfield code="4">0</subfield>
    <subfield code="7">0</subfield>
    <subfield code="a">03</subfield>
    <subfield code="b">03</subfield>
    <subfield code="d">2013-07-10</subfield>
    <subfield code="l">8</subfield>
    <subfield code="o">QA152.2 S65 2001</subfield>
    <subfield code="p">03 000064</subfield>
    <subfield code="r">2017-03-21</subfield>
    <subfield code="s">2017-03-21</subfield>
    <subfield code="t">3</subfield>
    <subfield code="w">2013-07-10</subfield>
    <subfield code="y">LB</subfield>
  </datafield>
  <datafield tag="952" ind1=" " ind2=" ">
    <subfield code="0">0</subfield>
    <subfield code="1">0</subfield>
    <subfield code="2">lcc</subfield>
    <subfield code="4">0</subfield>
    <subfield code="7">0</subfield>
    <subfield code="a">04</subfield>
    <subfield code="b">04</subfield>
    <subfield code="d">2014-12-23</subfield>
    <subfield code="l">2</subfield>
    <subfield code="o">QA154.2 A418 2001</subfield>
    <subfield code="p">05 001744</subfield>
    <subfield code="r">2023-06-15</subfield>
    <subfield code="s">2017-01-19</subfield>
    <subfield code="t">4</subfield>
    <subfield code="w">2014-12-23</subfield>
    <subfield code="y">LB</subfield>
  </datafield>
  <datafield tag="952" ind1=" " ind2=" ">
    <subfield code="0">0</subfield>
    <subfield code="1">0</subfield>
    <subfield code="2">lcc</subfield>
    <subfield code="4">0</subfield>
    <subfield code="7">0</subfield>
    <subfield code="a">04</subfield>
    <subfield code="b">04</subfield>
    <subfield code="d">2014-12-23</subfield>
    <subfield code="l">3</subfield>
    <subfield code="o">QA154.2 A418 2001</subfield>
    <subfield code="p">05 001745</subfield>
    <subfield code="r">2023-06-15</subfield>
    <subfield code="s">2017-01-19</subfield>
    <subfield code="t">5</subfield>
    <subfield code="w">2014-12-23</subfield>
    <subfield code="y">LB</subfield>
  </datafield>
  <datafield tag="952" ind1=" " ind2=" ">
    <subfield code="0">0</subfield>
    <subfield code="1">0</subfield>
    <subfield code="2">lcc</subfield>
    <subfield code="4">0</subfield>
    <subfield code="7">0</subfield>
    <subfield code="a">07</subfield>
    <subfield code="b">07</subfield>
    <subfield code="d">2016-06-09</subfield>
    <subfield code="l">1</subfield>
    <subfield code="o">QA154.2 S55818 2001</subfield>
    <subfield code="p">07 005908</subfield>
    <subfield code="r">2018-11-13</subfield>
    <subfield code="s">2018-11-13</subfield>
    <subfield code="t">1</subfield>
    <subfield code="w">2016-06-09</subfield>
    <subfield code="y">LB</subfield>
  </datafield>
  <datafield tag="999" ind1=" " ind2=" ">
    <subfield code="c">60316</subfield>
    <subfield code="d">60316</subfield>
  </datafield>
  <controlfield tag="008">120622s2001    mx a          000 0 spa d</controlfield>
  <datafield tag="020" ind1=" " ind2=" ">
    <subfield code="a">9684442807 (serie AWLI)</subfield>
  </datafield>
  <datafield tag="020" ind1=" " ind2=" ">
    <subfield code="a">9684443587</subfield>
  </datafield>
  <datafield tag="050" ind1="1" ind2="4">
    <subfield code="a">QA154.2 </subfield>
    <subfield code="b">S55818 2001</subfield>
  </datafield>
  <datafield tag="082" ind1=" " ind2=" ">
    <subfield code="a">512 </subfield>
    <subfield code="b">A394a</subfield>
  </datafield>
  <datafield tag="100" ind1="1" ind2=" ">
    <subfield code="a">Smith, Stanley A.</subfield>
    <subfield code="e">autor</subfield>
  </datafield>
  <datafield tag="240" ind1=" " ind2=" ">
    <subfield code="a">Addison-Wesley Algebra </subfield>
    <subfield code="l">espa&#xF1;ol</subfield>
  </datafield>
  <datafield tag="245" ind1=" " ind2=" ">
    <subfield code="a">&#xC1;lgebra </subfield>
    <subfield code="c"> / Stanley A. Smith [et al.] ; traducci&#xF3;n de Constancio Hern&#xE1;ndez Garc&#xED;a </subfield>
  </datafield>
  <datafield tag="260" ind1=" " ind2=" ">
    <subfield code="a">M&#xE9;xico</subfield>
    <subfield code="b"> : Pearson</subfield>
    <subfield code="c">, 2001</subfield>
  </datafield>
  <datafield tag="300" ind1=" " ind2=" ">
    <subfield code="a">(pag. var&#xED;a) 659 p&#xE1;ginas</subfield>
    <subfield code="b"> : ilustraciones</subfield>
  </datafield>
  <datafield tag="490" ind1=" " ind2=" ">
    <subfield code="a">Serie AWLI</subfield>
  </datafield>
  <datafield tag="500" ind1=" " ind2=" ">
    <subfield code="a">Incluye: glosario (pp. 618-623)
Incluye: &#xED;ndice de materias (pp. 655-659)</subfield>
  </datafield>
  <datafield tag="505" ind1=" " ind2=" ">
    <subfield code="a">Idea intuitiva de un conjunto
Sistemas de numeraci&#xF3;n
Introducci&#xF3;n al &#xE1;lgebra
N&#xFA;meros enteros y racionales
Ecuaciones
Desigualdades
Exponentes y polinomios
Polinomios y factorizaci&#xF3;n
Gr&#xE1;ficas y ecuaciones lineales
Sistemas de ecuaciones
Desigualdades y valor absoluto
Expresiones y ecuaciones raciales
Expresiones y ecuaciones raciales
Ecuaciones cuadr&#xE1;ticas</subfield>
  </datafield>
  <datafield tag="519" ind1=" " ind2=" ">
    <subfield code="a">Material Complementario / </subfield>
    <subfield code="d"> (03 000058, 03 000064, 03 006252)</subfield>
  </datafield>
  <datafield tag="519" ind1=" " ind2=" ">
    <subfield code="a">Plan UNAM /</subfield>
    <subfield code="b">Preparatoria /</subfield>
    <subfield code="c">Matem&#xE1;ticas IV (1400-5) /</subfield>
    <subfield code="d">(21 000951, 21 000952, 21 000953, 21 000954)</subfield>
  </datafield>
  <datafield tag="519" ind1=" " ind2=" ">
    <subfield code="a">Plan UNAM /</subfield>
    <subfield code="b">Preparatoria /</subfield>
    <subfield code="c">Matem&#xE1;ticas IV (1400) /</subfield>
    <subfield code="d">(05 001197, 05 001198)</subfield>
  </datafield>
  <datafield tag="519" ind1=" " ind2=" ">
    <subfield code="a">Plan UNAM /</subfield>
    <subfield code="b">Preparatoria /</subfield>
    <subfield code="c">Matem&#xE1;ticas &#xC1;rea I / </subfield>
    <subfield code="d">(05 001744, 05 001745)</subfield>
  </datafield>
  <datafield tag="519" ind1=" " ind2=" ">
    <subfield code="a">Material Complementario /</subfield>
    <subfield code="d">(07 005908)</subfield>
  </datafield>
  <datafield tag="650" ind1="1" ind2="4">
    <subfield code="a">&#xC1;LGEBRA</subfield>
  </datafield>
  <datafield tag="700" ind1=" " ind2=" ">
    <subfield code="a">Charles, Randall</subfield>
    <subfield code="e">autor</subfield>
  </datafield>
  <datafield tag="700" ind1=" " ind2=" ">
    <subfield code="a">Dossey, Jhon A.</subfield>
    <subfield code="e">autor</subfield>
  </datafield>
  <datafield tag="700" ind1=" " ind2=" ">
    <subfield code="a">Keedy, Mervin L.</subfield>
    <subfield code="e">autor</subfield>
  </datafield>
  <datafield tag="700" ind1=" " ind2=" ">
    <subfield code="a">Bittinger, Marvin L.</subfield>
    <subfield code="e">autor</subfield>
  </datafield>
  <datafield tag="700" ind1=" " ind2=" ">
    <subfield code="a">Hern&#xE1;ndez Garc&#xED;a, Constancio</subfield>
    <subfield code="e">traductor</subfield>
  </datafield>
  <datafield tag="942" ind1=" " ind2=" ">
    <subfield code="2">lcc</subfield>
    <subfield code="c">LB</subfield>
  </datafield>
</record>
